000 00570nam a2200193Ia 4500
005 20250508165739.0
008 008 250505s9999 xx 000 0 eng d
037 _aPeriodicals
040 _aFEDL
_beng
_cFEDL
041 _aeng
_2eng
084 _a372, IND
_qFEDL
245 0 _aEducation for all : national plan of action , India
245 0 _cIndia. Ministry of
260 _aNew Delhi, India
_bDepartment of elementary education and literacy
_c2003
300 _axi,103p.
546 _aC.S.E.C
942 _cCR
_h372, IND
999 _c1397214
_d1397214